000 00276nam a22001337a 4500
008 170516b xxu||||| |||| 00| 0 eng d
020 _a1672061
041 _aeng
080 _2 3RD
_a94
100 _a16
101 _aSHH
245 _aTHE WEST
_cLEVACK,B
942 _2udc
_cBK
999 _c13405
_d13405